| 000 | 00414nam a22001817a 4500 | ||
|---|---|---|---|
| 003 | OSt | ||
| 005 | 20260501095409.0 | ||
| 008 | 260501b |||||||| |||| 00| 0 eng d | ||
| 020 | _a9780241669983 | ||
| 082 | _a823.92 IHW | ||
| 100 | _aIHIMAERA, Witi | ||
| 245 | _aWhale Rider | ||
| 250 | _aReprint | ||
| 260 |
_aUK, _bPenguin Random House, _c2024, |
||
| 300 | _a161 p. | ||
| 650 | _aEnglish | ||
| 942 |
_2ddc _cBK |
||
| 999 |
_c13938 _d13938 |
||